| 000 | 00499nab a2200157 4500 | ||
|---|---|---|---|
| 003 | ES-SlBCS | ||
| 005 | 20210327231236.0 | ||
| 008 | 160407s2016 sp ||||| |||| 00| 0 spa d | ||
| 040 |
_aES-SlBCS _bspa |
||
| 100 | 1 |
_aRohwer, Forest _9410444 |
|
| 245 | 1 | 3 |
_aUn siglo de bacteriófagos _cForest Rohwer ; Anca M. Segall |
| 650 | 0 | 4 |
_aCiencia _xHistoria _943135 |
| 700 | 1 |
_aSegall, Anca M. _9410445 |
|
| 773 | 0 |
_gNº 475, 2016, págs. 54-55 _tInvestigación y Ciencia _wRev1650 _x0210-136X |
|
| 942 |
_2lcc _cAR |
||
| 999 |
_c856772 _d856772 |
||